<?xml version="1.0" encoding="UTF-8"?>
<record
    xmlns:xsi="http://www.w3.org/2001/XMLSchema-instance"
    xsi:schemaLocation="http://www.loc.gov/MARC21/slim http://www.loc.gov/standards/marcxml/schema/MARC21slim.xsd"
    xmlns="http://www.loc.gov/MARC21/slim">

  <leader>01193    a2200253   4500</leader>
  <datafield tag="020" ind1=" " ind2=" ">
    <subfield code="a">8478008896</subfield>
  </datafield>
  <datafield tag="082" ind1=" " ind2=" ">
    <subfield code="a">196</subfield>
    <subfield code="b">M723d</subfield>
  </datafield>
  <datafield tag="100" ind1=" " ind2=" ">
    <subfield code="a">Molinuevo, Jose Luis (editor) et all</subfield>
    <subfield code="9">1364</subfield>
  </datafield>
  <datafield tag="110" ind1=" " ind2=" ">
    <subfield code="a">Universidad de Salamanca</subfield>
    <subfield code="9">1365</subfield>
  </datafield>
  <datafield tag="245" ind1=" " ind2=" ">
    <subfield code="a"></subfield>
    <subfield code="b">(Arte y escritura II)</subfield>
  </datafield>
  <datafield tag="260" ind1=" " ind2=" ">
    <subfield code="a">Espa&#x105;</subfield>
    <subfield code="b">Ediciones Universidad de Salamanca</subfield>
    <subfield code="c">1996</subfield>
  </datafield>
  <datafield tag="300" ind1=" " ind2=" ">
    <subfield code="a">205 p</subfield>
    <subfield code="b">ill (col)</subfield>
    <subfield code="c">21 cm</subfield>
  </datafield>
  <datafield tag="440" ind1=" " ind2=" ">
    <subfield code="a">Metamorfosis</subfield>
    <subfield code="v">Vol. 2</subfield>
    <subfield code="9">1366</subfield>
  </datafield>
  <datafield tag="505" ind1=" " ind2=" ">
    <subfield code="t">Jose luis Pardo La obra de arte en la epoca de su modulacion seria. (Ensayo sobre la falta de argumentos)</subfield>
    <subfield code="t">Felix Duque El arte y el cuerpo</subfield>
    <subfield code="t">Fernando Castro En el umbral de la abyeccion. (Imagenes de Eva Hesse)</subfield>
    <subfield code="t">Javier Maderuelo El fructifero camino de la deshumanizacion de la estructura</subfield>
    <subfield code="t">Kosme de Bara&#x1EB; (Limites y abismos (13 reflexiones sobre el espacio de la Escultura)</subfield>
    <subfield code="t">Jose Luis Molinuevo Paisaje vacio de hombres</subfield>
  </datafield>
  <datafield tag="650" ind1=" " ind2=" ">
    <subfield code="a">Arte- s. 20</subfield>
    <subfield code="x">Arte-apreciacion</subfield>
    <subfield code="9">1367</subfield>
  </datafield>
  <datafield tag="655" ind1=" " ind2=" ">
    <subfield code="a">Estetica</subfield>
    <subfield code="9">1368</subfield>
  </datafield>
  <datafield tag="700" ind1=" " ind2=" ">
    <subfield code="a">Jose Luis Pardo</subfield>
    <subfield code="9">1369</subfield>
  </datafield>
  <datafield tag="700" ind1=" " ind2=" ">
    <subfield code="a">Felix Duque</subfield>
    <subfield code="9">852</subfield>
  </datafield>
  <datafield tag="700" ind1=" " ind2=" ">
    <subfield code="a">Fernando Castro</subfield>
    <subfield code="9">1370</subfield>
  </datafield>
  <datafield tag="700" ind1=" " ind2=" ">
    <subfield code="a">Javier Maderuelo</subfield>
    <subfield code="9">1371</subfield>
  </datafield>
  <datafield tag="700" ind1=" " ind2=" ">
    <subfield code="a">Kosme de Bara&#x1EB;</subfield>
    <subfield code="9">1372</subfield>
  </datafield>
  <datafield tag="700" ind1=" " ind2=" ">
    <subfield code="a">Jose Luis Molinuevo</subfield>
    <subfield code="9">1373</subfield>
  </datafield>
  <datafield tag="710" ind1=" " ind2=" ">
    <subfield code="a">Universidad de Salamanca</subfield>
    <subfield code="9">1374</subfield>
  </datafield>
  <datafield tag="999" ind1=" " ind2=" ">
    <subfield code="c">295</subfield>
    <subfield code="d">295</subfield>
  </datafield>
  <datafield tag="952" ind1=" " ind2=" ">
    <subfield code="0">0</subfield>
    <subfield code="1">0</subfield>
    <subfield code="2">ddc</subfield>
    <subfield code="4">0</subfield>
    <subfield code="7">0</subfield>
    <subfield code="a">LV</subfield>
    <subfield code="b">LV</subfield>
    <subfield code="c">Pensamiento</subfield>
    <subfield code="d">2014-08-27</subfield>
    <subfield code="l">0</subfield>
    <subfield code="o">196 M723d</subfield>
    <subfield code="p">000346</subfield>
    <subfield code="r">2014-08-27 00:00:00</subfield>
    <subfield code="w">2014-08-27</subfield>
    <subfield code="y">01</subfield>
  </datafield>
</record>
